000 00539nam a2200217Ia 4500
003 OSt
005 20221005130717.0
006 a|||||r|||| 00| 0
007 ta
008 221004b |||||||| |||| 00| 0 tam d
024 _a52097
037 _cTextual
040 _aCRL
_cCRL
_btam
041 _2tam
_atam
082 _aQ23, 31J3
100 _aKaliyanasundharanar
_9624634
245 0 _aSaiva samayasaram
650 _aRELIGION
942 _hQ23, 31J3
_cTEXL
_2cc
999 _c1058134
_d1058134